MARC details
| 000 -LEADER |
| fixed length control field |
01998mam a22003374a 4500 |
| 001 - CONTROL NUMBER |
| control field |
3090711 |
| 003 - CONTROL NUMBER IDENTIFIER |
| control field |
ARRUPE |
| 005 - DATE AND TIME OF LATEST TRANSACTION |
| control field |
20150414144655.0 |
| 008 - FIXED-LENGTH DATA ELEMENTS--GENERAL INFORMATION |
| fixed length control field |
001214s2001 mau b 001 0 eng |
| 010 ## - LIBRARY OF CONGRESS CONTROL NUMBER |
| LC control number |
00069773 |
| 020 ## - INTERNATIONAL STANDARD BOOK NUMBER |
| International Standard Book Number |
0631194363 (alk. paper) |
| 020 ## - INTERNATIONAL STANDARD BOOK NUMBER |
| International Standard Book Number |
0631194371 (pbk. : alk. paper) |
| 024 ## - OTHER STANDARD IDENTIFIER |
| Standard number or code |
R3-258992 |
| 035 ## - SYSTEM CONTROL NUMBER |
| System control number |
(OCoLC)ocm45621749 |
| 035 ## - SYSTEM CONTROL NUMBER |
| System control number |
(NNC)3090711 |
| 040 ## - CATALOGING SOURCE |
| Original cataloging agency |
DLC |
| Transcribing agency |
DLC |
| Modifying agency |
C#P |
| -- |
OrLoB-B |
| 042 ## - AUTHENTICATION CODE |
| Authentication code |
pcc |
| 050 00 - LIBRARY OF CONGRESS CALL NUMBER |
| Classification number |
B3376.W564 |
| Item number |
W5535 2001 |
| 082 00 - DEWEY DECIMAL CLASSIFICATION NUMBER |
| Classification number |
192 |
| Edition number |
21 |
| 300 ## - PHYSICAL DESCRIPTION |
| Dimensions |
23 cm. |
| 245 00 - TITLE STATEMENT |
| Title |
Wittgenstein : |
| Remainder of title |
a critical reader / |
| Statement of responsibility, etc |
edited by Hans-Johann Glock. |
| 260 ## - PUBLICATION, DISTRIBUTION, ETC. (IMPRINT) |
| Place of publication, distribution, etc |
Malden, Mass. : |
| Name of publisher, distributor, etc |
Blackwell Publishers, |
| Date of publication, distribution, etc |
2001. |
| 300 ## - PHYSICAL DESCRIPTION |
| Extent |
xxvii, 381 p. ; |
| 490 1# - SERIES STATEMENT |
| Series statement |
Blackwell critical readers |
| 504 ## - BIBLIOGRAPHY, ETC. NOTE |
| Bibliography, etc |
Includes bibliographical references (p. [367]-373) and index. |
| 505 00 - FORMATTED CONTENTS NOTE |
| Miscellaneous information |
1. |
| Title |
The Development of Wittgenstein's Philosophy / |
| Statement of responsibility |
Hans-Johann Glock -- |
| Miscellaneous information |
2. |
| Title |
The So-called Picture Theory: Language and the World in Tractatus Logico-Philosophicus / |
| Statement of responsibility |
Hide Ishiguro -- |
| Miscellaneous information |
3. |
| Title |
The Logical System of the Tractatus / |
| Statement of responsibility |
Howard Mounce -- |
| Miscellaneous information |
4. |
| Title |
Wittgenstein on Internationality / |
| Statement of responsibility |
Erich Ammereller -- |
| Miscellaneous information |
5. |
| Title |
Meaning and Understanding / |
| Statement of responsibility |
Bede Rundle -- |
| Miscellaneous information |
6. |
| Title |
Following a Rule / |
| Statement of responsibility |
Robert L. Arrington -- |
| Miscellaneous information |
7. |
| Title |
Thinking / |
| Statement of responsibility |
Oswald Hanfling -- |
| Miscellaneous information |
8. |
| Title |
The Will / |
| Statement of responsibility |
Steward Candlish -- |
| Miscellaneous information |
9. |
| Title |
Private Language and Private Experience / |
| Statement of responsibility |
Severin Schroeder -- |
| Miscellaneous information |
10. |
| Title |
The Inner and the Outer / |
| Statement of responsibility |
Michel ter Hark -- |
| Miscellaneous information |
11. |
| Title |
Wittgenstein and 'I' / |
| Statement of responsibility |
David Bakhurst -- |
| Miscellaneous information |
12. |
| Title |
Seeing Aspects / |
| Statement of responsibility |
Stephen Mulhall -- |
| Miscellaneous information |
13. |
| Title |
Philosophy of Mathematics / |
| Statement of responsibility |
Pasquale Frascolla -- |
| Miscellaneous information |
14. |
| Title |
Autonomy / |
| Statement of responsibility |
Hubert Schwyzer -- |
| Miscellaneous information |
15. |
| Title |
Wittgenstein on Scepticism and Certainty / |
| Statement of responsibility |
A. C. Grayling -- |
| Miscellaneous information |
16. |
| Title |
Philosophy / |
| Statement of responsibility |
P. M. S. Hacker -- |
| Miscellaneous information |
17. |
| Title |
Ethics, Faith and 'What Can Be Said' / |
| Statement of responsibility |
D. Z. Phillips. |
| 600 10 - SUBJECT ADDED ENTRY--PERSONAL NAME |
| Personal name |
Wittgenstein, Ludwig, |
| Dates associated with a name |
1889-1951. |
| 9 (RLIN) |
13815 |
| 700 1# - ADDED ENTRY--PERSONAL NAME |
| Personal name |
Glock, Hans-Johann, |
| Dates associated with a name |
1960- |
| 9 (RLIN) |
1227 |
| Relator term |
ed. |
| 830 #0 - SERIES ADDED ENTRY--UNIFORM TITLE |
| Uniform title |
Blackwell critical readers. |
| 9 (RLIN) |
13816 |
| 900 ## - EQUIVALENCE OR CROSS-REFERENCE-PERSONAL NAME [LOCAL, CANADA] |
| Numeration |
TOC |
| 942 ## - ADDED ENTRY ELEMENTS (KOHA) |
| Source of classification or shelving scheme |
Library of Congress Classification |
| Koha item type |
Monograph ( Printed materials) |